000 00245nam a22001097a 4500
082 _a621.381528 KIV
100 _aPDF
_956879
245 _aTRANSISTOR AND INTEGRATED ELECTRONICS
260 _aNEW YORK
_bPDF
_c1960
300 _a671P
942 _cBK
999 _c583063
_d583063